[Event "DEM U14 2024"]
[Site "Willingen GER"]
[Date "2024.05.25"]
[Round "9"]
[White "Sasse, Conan"]
[Black "Xue, Luka"]
[Result "0-1"]
[Termination "normal"]
[Board "19"]
[WhiteElo "1779"]
[BlackElo "2097"]
[WhiteClock "00:39:38"]
[BlackClock "00:03:25"]
[PlyCount "116"]
[WhiteFideId "34684336"]
[BlackFideId "16277252"]
[EventCountry "GER"]
[EventRounds "9"]
[EventType "swiss"]
[EventDate "2024.05.18"]

1. e4 {[%clk 01:30:59]} {[%emt 00:00:01]} e6 {[%clk 01:30:48]} {[%emt
00:00:12]} 2. d4 {[%clk 01:31:19]} {[%emt 00:00:09]} d5 {[%clk 01:31:14]}
{[%emt 00:00:04]} 3. Nc3 {[%clk 01:31:41]} {[%emt 00:00:08]} Nf6 {[%clk
01:31:41]} {[%emt 00:00:03]} 4. Bg5 {[%clk 01:31:58]} {[%emt 00:00:13]} dxe4
{[%clk 01:32:03]} {[%emt 00:00:08]} 5. Nxe4 {[%clk 01:32:20]} {[%emt 00:00:07]}
Be7 {[%clk 01:32:30]} {[%emt 00:00:03]} 6. Nxf6+ {[%clk 01:32:39]} {[%emt
00:00:12]} Bxf6 {[%clk 01:32:56]} {[%emt 00:00:04]} 7. Bxf6 {[%clk 01:33:02]}
{[%emt 00:00:07]} Qxf6 {[%clk 01:33:21]} {[%emt 00:00:05]} 8. Nf3 {[%clk
01:33:22]} {[%emt 00:00:10]} c5 {[%clk 01:33:47]} {[%emt 00:00:06]} 9. Qd3
{[%clk 01:32:29]} {[%emt 00:01:21]} Nc6 {[%clk 01:27:38]} {[%emt 00:06:39]} 10.
O-O-O {[%clk 01:32:16]} {[%emt 00:00:42]} cxd4 {[%clk 01:27:15]} {[%emt
00:00:54]} 11. Nxd4 {[%clk 01:32:37]} {[%emt 00:00:08]} Nxd4 {[%clk 01:22:38]}
{[%emt 00:05:07]} 12. Qxd4 {[%emt 00:00:08]} Qxd4 13. Rxd4 {[%clk 01:33:19]}
{[%emt 00:00:10]} Bd7 {[%clk 01:23:30]} {[%emt 00:00:08]} 14. Bc4 {[%clk
01:31:38]} {[%emt 00:02:11]} Bc6 {[%clk 01:21:18]} {[%emt 00:02:42]} 15. f3
{[%clk 01:31:55]} {[%emt 00:00:13]} Ke7 {[%clk 01:20:59]} {[%emt 00:00:48]} 16.
Rhd1 {[%clk 01:31:37]} {[%emt 00:00:48]} Rac8 {[%clk 01:21:00]} {[%emt
00:00:30]} 17. Bb3 {[%clk 01:30:03]} {[%emt 00:02:05]} Rc7 {[%clk 01:20:07]}
{[%emt 00:01:23]} 18. Ba4 {[%clk 01:26:21]} {[%emt 00:04:11]} b5 {[%clk
01:17:10]} {[%emt 00:03:27]} 19. Bb3 {[%clk 01:26:46]} {[%emt 00:00:05]} Rhc8
{[%clk 01:17:02]} {[%emt 00:00:37]} 20. c3 {[%clk 01:21:42]} {[%emt 00:05:35]}
a5 {[%clk 01:16:07]} {[%emt 00:01:25]} 21. a3 {[%clk 01:21:10]} {[%emt
00:01:03]} Rb7 {[%clk 01:04:16]} {[%emt 00:12:20]} 22. Kd2 {[%clk 01:16:25]}
{[%emt 00:05:15]} Rcb8 {[%clk 00:58:51]} {[%emt 00:05:55]} 23. Kc2 {[%clk
01:06:59]} {[%emt 00:09:55]} h6 {[%clk 00:54:23]} {[%emt 00:04:59]} 24. h4
{[%clk 01:04:08]} {[%emt 00:03:21]} Rg8 {[%clk 00:54:06]} {[%emt 00:00:47]} 25.
Rg4 {[%clk 01:01:22]} {[%emt 00:03:15]} Bd7 {[%clk 00:47:08]} {[%emt 00:07:29]}
26. Re4 {[%clk 00:57:59]} {[%emt 00:03:53]} Rc8 {[%clk 00:45:48]} {[%emt
00:01:51]} 27. Kd2 {[%clk 00:55:38]} {[%emt 00:02:49]} Rc5 {[%clk 00:45:05]}
{[%emt 00:01:14]} 28. Ke3 {[%clk 00:52:07]} {[%emt 00:04:01]} Bc6 {[%clk
00:35:09]} {[%emt 00:10:27]} 29. Rg4 {[%clk 00:44:53]} {[%emt 00:07:43]} g5
{[%clk 00:33:31]} {[%emt 00:02:08]} 30. hxg5 {[%clk 00:38:15]} {[%emt
00:07:08]} hxg5 {[%clk 00:33:48]} {[%emt 00:00:13]} 31. Rh1 {[%clk 00:33:01]}
{[%emt 00:05:44]} Rd7 {[%clk 00:31:19]} {[%emt 00:02:59]} 32. Rd4 {[%clk
00:30:29]} {[%emt 00:03:02]} Re5+ {[%clk 00:30:56]} {[%emt 00:00:54]} 33. Kd3
{[%clk 00:30:50]} {[%emt 00:00:09]} Rxd4+ {[%clk 00:28:04]} {[%emt 00:03:22]}
34. cxd4 {[%clk 00:30:02]} {[%emt 00:01:17]} Rf5 {[%clk 00:28:24]} {[%emt
00:00:10]} 35. Ke3 {[%clk 00:27:46]} {[%emt 00:02:47]} Kd6 {[%clk 00:25:39]}
{[%emt 00:03:14]} 36. Bc2 {[%clk 00:26:42]} {[%emt 00:01:35]} Rf4 {[%clk
00:19:26]} {[%emt 00:06:43]} 37. Rh5 {[%clk 00:19:28]} {[%emt 00:07:43]} f6
{[%clk 00:18:19]} {[%emt 00:01:37]} 38. Bd1 {[%clk 00:16:53]} {[%emt 00:03:06]}
Rh4 {[%clk 00:14:38]} {[%emt 00:04:10]} 39. Rxh4 {[%clk 00:16:44]} {[%emt
00:00:39]} gxh4 {[%clk 00:15:03]} {[%emt 00:00:06]} 40. Bc2 {[%clk 00:14:09]}
{[%emt 00:03:05]} f5 {[%clk 00:07:02]} {[%emt 00:08:30]} 41. Bb3 {[%clk
00:13:33]} {[%emt 00:01:06]} a4 {[%clk 00:22:57]} {[%emt 00:14:35]} 42. Ba2
{[%clk 00:43:04]} {[%emt 00:00:59]} Bd5 {[%clk 00:16:01]} {[%emt 00:07:26]} 43.
Bxd5 {[%clk 00:37:56]} {[%emt 00:05:39]} Kxd5 {[%clk 00:11:32]} {[%emt
00:04:59]} 44. Kd3 {[%clk 00:37:23]} {[%emt 00:01:02]} e5 {[%clk 00:04:03]}
{[%emt 00:08:00]} 45. dxe5 {[%clk 00:37:45]} {[%emt 00:00:08]} Kxe5 {[%clk
00:04:33]} 46. Ke3 {[%clk 00:37:42]} {[%emt 00:00:33]} f4+ {[%clk 00:04:06]}
{[%emt 00:00:57]} 47. Kd3 {[%clk 00:37:58]} {[%emt 00:00:14]} Kd5 {[%clk
00:04:32]} {[%emt 00:00:03]} 48. Kc3 {[%clk 00:37:50]} {[%emt 00:00:39]} Kc5
{[%clk 00:04:58]} {[%emt 00:00:05]} 49. b4+ {[%clk 00:37:37]} {[%emt 00:00:42]}
axb3 {[%clk 00:03:15]} {[%emt 00:02:14]} 50. Kxb3 {[%clk 00:37:58]} {[%emt
00:00:08]} Kd4 {[%clk 00:03:19]} {[%emt 00:00:26]} 51. Kb4 {[%clk 00:38:18]}
{[%emt 00:00:11]} Ke3 {[%clk 00:03:45]} {[%emt 00:00:04]} 52. Kxb5 {[%clk
00:37:53]} {[%emt 00:00:54]} h3 {[%clk 00:02:05]} {[%emt 00:02:11]} 53. gxh3
{[%clk 00:37:48]} {[%emt 00:00:35]} Kxf3 {[%clk 00:02:18]} {[%emt 00:00:17]}
54. a4 {[%clk 00:38:13]} {[%emt 00:00:05]} Kg3 {[%clk 00:02:08]} {[%emt
00:00:40]} 55. a5 {[%clk 00:38:37]} {[%emt 00:00:07]} f3 {[%clk 00:02:26]}
{[%emt 00:00:12]} 56. a6 {[%clk 00:38:55]} {[%emt 00:00:12]} f2 {[%clk
00:02:52]} {[%emt 00:00:03]} 57. a7 {[%clk 00:39:18]} {[%emt 00:00:07]} f1=Q+
{[%clk 00:03:17]} {[%emt 00:00:06]} 58. Kb6 {[%clk 00:39:38]} {[%emt 00:00:10]}
Qh1 {[%clk 00:03:25]} {[%emt 00:00:21]} 0-1

[Event "DEM U14 2024"]
[Site "Willingen GER"]
[Date "2024.05.25"]
[Round "9"]
[White "Aniol, Nico"]
[Black "Han, Erdem"]
[Result "1-0"]
[Termination "normal"]
[Board "20"]
[WhiteElo "1860"]
[BlackElo "1654"]
[WhiteClock "00:08:02"]
[BlackClock "00:01:13"]
[PlyCount "61"]
[WhiteFideId "16287096"]
[BlackFideId "533000646"]
[EventCountry "GER"]
[EventRounds "9"]
[EventType "swiss"]
[EventDate "2024.05.18"]

1. c4 {[%clk 01:30:51]} {[%emt 00:00:07]} e5 {[%clk 01:30:37]} {[%emt
00:00:23]} 2. g3 {[%clk 01:30:51]} {[%emt 00:00:31]} Nc6 {[%clk 01:26:32]}
{[%emt 00:04:34]} 3. Bg2 {[%clk 01:31:14]} {[%emt 00:00:06]} Bc5 {[%clk
01:23:10]} {[%emt 00:03:53]} 4. Nc3 {[%clk 01:30:38]} {[%emt 00:01:06]} d6
{[%clk 01:21:46]} {[%emt 00:01:54]} 5. e3 {[%clk 01:28:07]} {[%emt 00:03:01]}
Nf6 {[%clk 01:18:38]} {[%emt 00:03:39]} 6. Nge2 {[%clk 01:28:06]} {[%emt
00:00:30]} O-O {[%clk 01:16:14]} {[%emt 00:02:54]} 7. O-O {[%clk 01:25:34]}
{[%emt 00:03:02]} Bg4 {[%clk 01:13:50]} {[%emt 00:02:54]} 8. h3 {[%clk
01:22:28]} {[%emt 00:03:35]} Bh5 {[%clk 01:12:43]} {[%emt 00:01:37]} 9. b3
{[%clk 01:18:25]} {[%emt 00:04:34]} a6 {[%clk 01:08:44]} {[%emt 00:04:29]} 10.
Bb2 {[%clk 01:17:50]} {[%emt 00:01:04]} Re8 {[%clk 01:03:02]} {[%emt 00:06:12]}
11. d3 {[%clk 01:12:19]} {[%emt 00:06:01]} Ba7 {[%clk 00:50:09]} {[%emt
00:13:24]} 12. Qd2 {[%clk 01:08:39]} {[%emt 00:04:11]} Qe7 {[%clk 00:45:51]}
{[%emt 00:04:47]} 13. Rae1 {[%clk 00:58:55]} {[%emt 00:10:13]} Bg6 {[%clk
00:41:40]} {[%emt 00:04:41]} 14. e4 {[%clk 00:50:51]} {[%emt 00:08:35]} Nd4
{[%clk 00:34:48]} {[%emt 00:07:22]} 15. Kh2 {[%emt 00:11:36]} h6 {[%clk
00:28:10]} {[%emt 00:00:55]} 16. f4 {[%emt 00:06:51]} c6 {[%clk 00:23:11]}
{[%emt 00:03:31]} 17. Nd1 {[%clk 00:25:31]} {[%emt 00:16:33]} Nxe2 {[%clk
00:21:13]} {[%emt 00:02:28]} 18. Qxe2 {[%emt 00:02:12]} Rad8 {[%emt 00:02:33]}
19. Ne3 {[%clk 00:23:08]} {[%emt 00:01:56]} Bh7 {[%clk 00:15:17]} {[%emt
00:03:38]} 20. Ng4 {[%clk 00:16:50]} {[%emt 00:06:49]} Nd7 {[%clk 00:13:36]}
{[%emt 00:02:10]} 21. Qf3 {[%clk 00:13:54]} {[%emt 00:03:26]} Rf8 {[%clk
00:10:10]} {[%emt 00:03:56]} 22. f5 {[%clk 00:13:33]} {[%emt 00:00:51]} Nf6
{[%clk 00:10:08]} {[%emt 00:00:32]} 23. Bc1 {[%clk 00:11:13]} {[%emt 00:02:48]}
Kh8 {[%clk 00:10:02]} 24. Nxf6 {[%clk 00:11:16]} Qxf6 25. g4 {[%clk 00:10:53]}
{[%emt 00:02:06]} Qh4 26. Qg3 {[%emt 00:01:41]} Qxg3+ {[%clk 00:08:20]} {[%emt
00:00:06]} 27. Kxg3 {[%clk 00:11:21]} {[%emt 00:00:01]} Bd4 {[%clk 00:06:14]}
{[%emt 00:02:36]} 28. h4 {[%clk 00:10:13]} {[%emt 00:01:39]} Kg8 {[%clk
00:03:06]} {[%emt 00:03:38]} 29. g5 {[%clk 00:10:14]} {[%emt 00:00:28]} hxg5
{[%clk 00:01:01]} {[%emt 00:02:35]} 30. hxg5 {[%clk 00:10:36]} {[%emt
00:00:08]} Rfe8 {[%clk 00:01:13]} {[%emt 00:00:19]} 31. Rh1 {[%clk 00:08:02]}
{[%emt 00:03:04]} 1-0

[Event "DEM U14 2024"]
[Site "Willingen GER"]
[Date "2024.05.25"]
[Round "9"]
[White "Li, Luxuan"]
[Black "Mukazhanov, Mansur"]
[Result "0-1"]
[Termination "normal"]
[Board "21"]
[WhiteElo "1709"]
[BlackElo "1919"]
[WhiteClock "00:37:53"]
[BlackClock "01:27:01"]
[PlyCount "84"]
[WhiteFideId "34617507"]
[BlackFideId "13752324"]
[EventCountry "GER"]
[EventRounds "9"]
[EventType "swiss"]
[EventDate "2024.05.18"]

1. e4 {[%clk 01:30:57]} {[%emt 00:00:02]} e6 {[%clk 01:30:55]} {[%emt
00:00:05]} 2. d4 {[%clk 01:31:25]} {[%emt 00:00:02]} d5 {[%clk 01:31:21]}
{[%emt 00:00:04]} 3. exd5 {[%clk 01:31:49]} {[%emt 00:00:06]} exd5 {[%clk
01:31:48]} {[%emt 00:00:03]} 4. Qf3 {[%clk 01:32:11]} {[%emt 00:00:07]} Nc6
{[%clk 01:32:11]} {[%emt 00:00:08]} 5. c3 {[%clk 01:32:35]} {[%emt 00:00:06]}
Bd6 {[%clk 01:32:23]} {[%emt 00:00:17]} 6. Bd3 {[%clk 01:32:44]} {[%emt
00:00:22]} Be6 {[%clk 01:32:25]} {[%emt 00:00:30]} 7. Ne2 {[%clk 01:33:00]}
{[%emt 00:00:11]} Qd7 {[%clk 01:32:42]} {[%emt 00:00:15]} 8. a4 {[%clk
01:30:59]} {[%emt 00:02:30]} Nge7 {[%clk 01:32:50]} {[%emt 00:00:21]} 9. Bf4
{[%clk 01:28:19]} {[%emt 00:03:10]} O-O-O {[%clk 01:32:08]} {[%emt 00:01:13]}
10. Bxd6 {[%clk 01:28:13]} {[%emt 00:00:36]} Qxd6 {[%clk 01:30:03]} {[%emt
00:02:35]} 11. Nd2 {[%clk 01:24:49]} {[%emt 00:03:54]} f5 {[%clk 01:30:15]}
{[%emt 00:00:17]} 12. a5 {[%clk 01:21:25]} {[%emt 00:03:55]} g5 {[%clk
01:30:20]} {[%emt 00:00:24]} 13. g3 {[%clk 01:17:10]} {[%emt 00:04:45]} Rdf8
{[%clk 01:30:23]} {[%emt 00:00:27]} 14. Qg2 {[%clk 01:09:53]} {[%emt 00:07:47]}
h5 {[%clk 01:29:37]} {[%emt 00:01:16]} 15. f4 {[%clk 01:08:40]} {[%emt
00:01:43]} Rhg8 {[%clk 01:28:03]} {[%emt 00:02:04]} 16. Qf3 {[%clk 01:06:52]}
{[%emt 00:02:19]} g4 {[%clk 01:27:07]} {[%emt 00:01:25]} 17. Qf2 {[%clk
01:06:17]} {[%emt 00:01:05]} Ng6 {[%clk 01:26:39]} {[%emt 00:00:58]} 18. b4
{[%clk 01:04:17]} {[%emt 00:02:30]} h4 {[%clk 01:26:34]} {[%emt 00:00:35]} 19.
b5 {[%clk 01:01:24]} {[%emt 00:03:24]} Nd8 {[%clk 01:26:45]} {[%emt 00:00:18]}
20. Nb3 {[%clk 01:00:21]} {[%emt 00:01:33]} b6 {[%clk 01:25:43]} {[%emt
00:01:32]} 21. axb6 {[%clk 00:58:25]} {[%emt 00:02:27]} axb6 {[%clk 01:26:03]}
{[%emt 00:00:10]} 22. Kd2 {[%clk 00:57:07]} {[%emt 00:01:48]} hxg3 {[%clk
01:24:18]} {[%emt 00:02:10]} 23. hxg3 {[%clk 00:57:06]} {[%emt 00:00:35]} Rh8
{[%clk 01:24:41]} {[%emt 00:00:07]} 24. Kc2 {[%clk 00:55:23]} {[%emt 00:02:13]}
Rxh1 {[%clk 01:23:44]} {[%emt 00:01:27]} 25. Rxh1 {[%clk 00:55:35]} {[%emt
00:00:18]} Rh8 {[%clk 01:24:04]} {[%emt 00:00:09]} 26. Rxh8 {[%clk 00:55:58]}
{[%emt 00:00:08]} Nxh8 {[%clk 01:24:26]} {[%emt 00:00:08]} 27. Kb2 {[%clk
00:56:14]} {[%emt 00:00:14]} Nhf7 {[%clk 01:24:42]} {[%emt 00:00:13]} 28. Qh2
{[%clk 00:53:27]} {[%emt 00:03:18]} Qd7 {[%clk 01:24:59]} {[%emt 00:00:13]} 29.
Qh7 {[%clk 00:52:48]} {[%emt 00:01:09]} Nd6 {[%clk 01:25:07]} {[%emt 00:00:22]}
30. Qxd7+ {[%clk 00:52:55]} {[%emt 00:00:23]} Bxd7 {[%clk 01:25:31]} {[%emt
00:00:06]} 31. Nd2 {[%clk 00:52:12]} {[%emt 00:01:13]} Bxb5 {[%clk 01:25:52]}
{[%emt 00:00:09]} 32. Bxb5 {[%clk 00:51:55]} {[%emt 00:00:47]} Nxb5 {[%clk
01:26:15]} {[%emt 00:00:07]} 33. c4 {[%clk 00:52:04]} {[%emt 00:00:22]} dxc4
{[%clk 01:26:40]} {[%emt 00:00:05]} 34. Nxc4 {[%clk 00:52:21]} {[%emt
00:00:13]} Nc6 {[%clk 01:27:03]} {[%emt 00:00:07]} 35. d5 {[%clk 00:50:33]}
{[%emt 00:02:18]} Ncd4 {[%clk 01:27:15]} {[%emt 00:00:17]} 36. Nxd4 {[%clk
00:50:25]} {[%emt 00:00:39]} Nxd4 {[%clk 01:27:37]} {[%emt 00:00:07]} 37. Ne3
{[%clk 00:49:54]} {[%emt 00:01:01]} Kd7 {[%clk 01:27:49]} {[%emt 00:00:19]} 38.
Ka3 {[%clk 00:47:31]} {[%emt 00:02:53]} Kd6 {[%clk 01:28:00]} {[%emt 00:00:18]}
39. Kb4 {[%clk 00:47:01]} {[%emt 00:01:00]} b5 {[%clk 01:28:20]} {[%emt
00:00:10]} 40. Kc3 {[%clk 00:45:12]} {[%emt 00:02:19]} Kc5 {[%clk 01:27:07]}
{[%emt 00:01:43]} 41. Kb2 {[%clk 00:43:36]} {[%emt 00:02:06]} Kb4 {[%clk
01:26:57]} {[%emt 00:00:40]} 42. Kb1 {[%clk 00:37:53]} {[%emt 00:06:13]} Kc3
{[%clk 01:27:01]} {[%emt 00:00:26]} 0-1

[Event "DEM U14 2024"]
[Site "Willingen GER"]
[Date "2024.05.25"]
[Round "9"]
[White "Ollhoff, Hannes"]
[Black "Hellenbroich, Hanno"]
[Result "1-0"]
[Termination "normal"]
[Board "22"]
[WhiteElo "1755"]
[BlackElo "1739"]
[WhiteClock "00:07:47"]
[BlackClock "00:13:58"]
[PlyCount "63"]
[WhiteFideId "16266927"]
[BlackFideId "16270762"]
[EventCountry "GER"]
[EventRounds "9"]
[EventType "swiss"]
[EventDate "2024.05.18"]

1. d4 {[%clk 01:30:55]} {[%emt 00:00:03]} d5 {[%clk 01:30:44]} {[%emt
00:00:18]} 2. c4 {[%clk 01:31:10]} {[%emt 00:00:15]} e6 {[%clk 01:30:53]}
{[%emt 00:00:21]} 3. Nc3 {[%clk 01:31:32]} {[%emt 00:00:07]} Nf6 {[%clk
01:31:15]} {[%emt 00:00:09]} 4. cxd5 {[%clk 01:31:55]} {[%emt 00:00:07]} exd5
{[%clk 01:31:40]} {[%emt 00:00:05]} 5. Bg5 {[%clk 01:31:47]} {[%emt 00:00:37]}
c6 {[%clk 01:31:14]} {[%emt 00:00:57]} 6. Qc2 {[%clk 01:31:58]} {[%emt
00:00:19]} h6 {[%clk 01:30:56]} {[%emt 00:00:48]} 7. Bh4 {[%clk 01:32:17]}
{[%emt 00:00:09]} Bd6 {[%clk 01:30:50]} {[%emt 00:00:37]} 8. e3 {[%clk
01:29:17]} {[%emt 00:03:31]} O-O {[%clk 01:27:44]} {[%emt 00:03:36]} 9. Bd3
{[%clk 01:29:15]} {[%emt 00:00:32]} Re8 {[%clk 01:27:06]} {[%emt 00:01:08]} 10.
Nge2 {[%clk 01:27:56]} {[%emt 00:01:49]} a5 {[%clk 01:25:17]} {[%emt 00:02:19]}
11. a3 {[%clk 01:22:10]} {[%emt 00:06:16]} Na6 {[%clk 01:24:36]} {[%emt
00:01:10]} 12. Bg3 {[%clk 01:14:50]} {[%emt 00:07:50]} Nc7 {[%clk 01:05:44]}
{[%emt 00:19:23]} 13. O-O {[%clk 01:11:05]} {[%emt 00:04:14]} Ne6 {[%clk
01:00:33]} {[%emt 00:05:41]} 14. Rab1 {[%clk 01:05:29]} {[%emt 00:06:06]} Ng5
{[%clk 00:55:33]} {[%emt 00:05:29]} 15. b4 {[%clk 00:58:33]} {[%emt 00:07:27]}
axb4 {[%clk 00:53:17]} {[%emt 00:02:47]} 16. axb4 {[%clk 00:56:55]} {[%emt
00:02:08]} Nfe4 {[%clk 00:51:09]} {[%emt 00:02:37]} 17. Nxe4 {[%clk 00:54:41]}
{[%emt 00:02:44]} Nxe4 {[%clk 00:50:40]} {[%emt 00:00:59]} 18. Bxe4 {[%clk
00:54:27]} {[%emt 00:00:44]} Rxe4 {[%clk 00:50:44]} {[%emt 00:00:26]} 19. Nc3
{[%clk 00:51:56]} {[%emt 00:03:01]} Re6 {[%clk 00:40:58]} {[%emt 00:10:16]} 20.
b5 {[%clk 00:41:55]} {[%emt 00:10:31]} Bd7 {[%clk 00:36:59]} {[%emt 00:04:30]}
21. Qe2 {[%clk 00:29:33]} {[%emt 00:12:52]} Ra3 {[%clk 00:28:45]} {[%emt
00:08:44]} 22. bxc6 {[%clk 00:22:38]} {[%emt 00:07:25]} bxc6 {[%clk 00:25:26]}
{[%emt 00:03:48]} 23. Qb2 {[%clk 00:21:27]} {[%emt 00:01:41]} Qa8 {[%clk
00:19:27]} {[%emt 00:06:29]} 24. Bxd6 {[%clk 00:16:59]} {[%emt 00:04:58]} Rxd6
{[%clk 00:19:21]} {[%emt 00:00:36]} 25. Ra1 {[%clk 00:17:15]} {[%emt 00:00:14]}
Rxa1 {[%clk 00:19:23]} {[%emt 00:00:29]} 26. Rxa1 {[%clk 00:17:36]} {[%emt
00:00:08]} Qe8 {[%clk 00:19:34]} {[%emt 00:00:18]} 27. Ne2 {[%clk 00:11:57]}
{[%emt 00:06:10]} Bg4 {[%clk 00:17:42]} {[%emt 00:02:22]} 28. Ng3 {[%clk
00:11:07]} {[%emt 00:01:20]} h5 {[%clk 00:16:57]} {[%emt 00:01:16]} 29. h3
{[%clk 00:09:12]} {[%emt 00:02:25]} h4 {[%clk 00:16:47]} {[%emt 00:00:39]} 30.
Ne2 {[%clk 00:09:32]} {[%emt 00:00:10]} Bd7 {[%clk 00:14:45]} {[%emt 00:02:32]}
31. Qb7 {[%clk 00:08:07]} {[%emt 00:01:55]} Qe4 {[%clk 00:13:58]} {[%emt
00:01:17]} 32. Qb8+ {[%clk 00:07:47]} {[%emt 00:00:50]} 1-0

[Event "DEM U14 2024"]
[Site "Willingen GER"]
[Date "2024.05.25"]
[Round "9"]
[White "Uyar, Levin"]
[Black "Kaplan, Arne"]
[Result "1-0"]
[Termination "normal"]
[Board "23"]
[WhiteElo "1868"]
[BlackElo "1756"]
[WhiteClock "00:33:13"]
[BlackClock "00:25:30"]
[PlyCount "71"]
[WhiteFideId "16282108"]
[BlackFideId "34625194"]
[EventCountry "GER"]
[EventRounds "9"]
[EventType "swiss"]
[EventDate "2024.05.18"]

1. e4 {[%clk 01:30:56]} {[%emt 00:00:03]} c6 {[%clk 01:30:53]} {[%emt
00:00:08]} 2. d4 {[%clk 01:31:22]} {[%emt 00:00:05]} d5 {[%clk 01:31:16]}
{[%emt 00:00:05]} 3. exd5 {[%clk 01:31:46]} {[%emt 00:00:06]} cxd5 {[%clk
01:31:39]} {[%emt 00:00:07]} 4. Bd3 {[%clk 01:32:10]} {[%emt 00:00:06]} Nc6
{[%clk 01:32:00]} {[%emt 00:00:08]} 5. c3 {[%clk 01:32:36]} {[%emt 00:00:05]}
Nf6 {[%clk 01:32:23]} {[%emt 00:00:06]} 6. Bf4 {[%clk 01:33:01]} {[%emt
00:00:06]} Bg4 {[%clk 01:32:45]} {[%emt 00:00:07]} 7. Qb3 {[%clk 01:33:27]}
{[%emt 00:00:05]} Qc8 {[%clk 01:33:09]} {[%emt 00:00:06]} 8. Nd2 {[%clk
01:33:46]} {[%emt 00:00:11]} e6 {[%clk 01:33:31]} {[%emt 00:00:08]} 9. Ngf3
{[%clk 01:34:05]} {[%emt 00:00:12]} Be7 {[%clk 01:33:52]} {[%emt 00:00:09]} 10.
O-O {[%clk 01:33:51]} {[%emt 00:00:44]} O-O {[%clk 01:34:12]} {[%emt 00:00:09]}
11. h3 {[%clk 01:31:23]} {[%emt 00:02:58]} Bh5 {[%clk 01:33:55]} {[%emt
00:00:48]} 12. Rae1 {[%clk 01:28:29]} {[%emt 00:03:23]} Bg6 {[%clk 01:32:18]}
{[%emt 00:02:08]} 13. Bxg6 {[%clk 01:26:24]} {[%emt 00:02:35]} hxg6 {[%clk
01:32:38]} {[%emt 00:00:10]} 14. Ne5 {[%clk 01:24:36]} {[%emt 00:02:19]} Nxe5
{[%clk 01:32:20]} {[%emt 00:00:47]} 15. Bxe5 {[%clk 01:24:53]} {[%emt
00:00:13]} Qc6 {[%clk 01:27:10]} {[%emt 00:05:40]} 16. Re3 {[%clk 01:19:47]}
{[%emt 00:05:36]} a5 {[%clk 01:26:40]} {[%emt 00:01:00]} 17. Qd1 {[%clk
01:18:21]} {[%emt 00:01:56]} b5 {[%clk 01:22:34]} {[%emt 00:04:36]} 18. h4
{[%clk 01:16:15]} {[%emt 00:02:36]} Nd7 {[%clk 01:10:11]} {[%emt 00:12:53]} 19.
Qg4 {[%clk 01:12:08]} {[%emt 00:04:36]} Nxe5 {[%clk 00:57:55]} {[%emt
00:12:46]} 20. dxe5 {[%clk 01:12:17]} {[%emt 00:00:21]} b4 {[%clk 00:54:22]}
{[%emt 00:04:04]} 21. Rh3 {[%clk 01:10:28]} {[%emt 00:02:18]} bxc3 {[%clk
00:53:27]} {[%emt 00:01:25]} 22. bxc3 {[%clk 01:10:40]} {[%emt 00:00:19]} Rab8
{[%clk 00:50:20]} {[%emt 00:03:36]} 23. f4 {[%clk 01:04:29]} {[%emt 00:06:40]}
Rb2 {[%clk 00:46:47]} {[%emt 00:04:04]} 24. Nf3 {[%clk 01:01:37]} {[%emt
00:03:22]} Rxa2 {[%clk 00:44:14]} {[%emt 00:03:04]} 25. h5 {[%clk 00:59:50]}
{[%emt 00:02:17]} g5 {[%clk 00:43:18]} {[%emt 00:01:26]} 26. fxg5 {[%clk
00:55:15]} {[%emt 00:05:05]} Qc4 {[%clk 00:40:09]} {[%emt 00:03:38]} 27. Nd4
{[%clk 00:54:27]} {[%emt 00:01:18]} Ra3 {[%clk 00:38:39]} {[%emt 00:01:59]} 28.
Rf4 {[%clk 00:47:07]} {[%emt 00:07:51]} Bc5 {[%clk 00:36:49]} {[%emt 00:02:20]}
29. Kh2 {[%clk 00:44:04]} {[%emt 00:03:33]} Bxd4 {[%clk 00:35:25]} {[%emt
00:01:54]} 30. Rxd4 {[%clk 00:44:07]} {[%emt 00:00:27]} Qf1 {[%clk 00:35:09]}
{[%emt 00:00:46]} 31. Rf4 {[%clk 00:43:57]} {[%emt 00:00:40]} Qe1 {[%clk
00:31:34]} {[%emt 00:04:05]} 32. h6 {[%clk 00:33:15]} {[%emt 00:11:13]} g6
{[%clk 00:28:37]} {[%emt 00:03:26]} 33. h7+ {[%clk 00:32:45]} {[%emt 00:01:00]}
Kh8 {[%clk 00:28:04]} {[%emt 00:01:03]} 34. Qxe6 {[%clk 00:32:45]} {[%emt
00:00:31]} fxe6 {[%clk 00:25:09]} {[%emt 00:03:25]} 35. Rxf8+ {[%clk 00:33:13]}
{[%emt 00:00:02]} Kg7 {[%clk 00:25:30]} {[%emt 00:00:08]} 36. h8=Q# {[%emt
00:00:05]} 1-0